01638nam a2200265 a 4500001001000000005001700010008004100027041000800068044000700076084002000083100004500103245008700148260005100235300001700286500030300303500013200606500036200738500001101100546002401111650005201135650005601187650003401243650004501277740005001322BRCA_297420190320204042.0181208s1905----fr-#---###---#000-0#ger-u ager afr a301b.T78c19051 aCervantes Saavedra, Miguel ded1547-161610aDer Sinnreiche Junker Don Quijote von der Manchacvon Miguel de Cervantes Savedra. aEstrasburgo (Francia)bKarl J. Trübnerc1905 a4 v.c21 cm. aContenido : v 1. Primera parte. Prefacio de H. Morfé. Nota sobre la pronunciación de las palabras española. Introducción del autor. Prólogo del autor. Preliminares. Texto. -- v 2. Texto. -- v 3. Segunda parte. Prólogo del autor. Preliminares. Dedicatoria del autor. Texto. -- v 4. Texto aEdición : Übersetzt, eingeleitet und mit Erläuterungen versehen von Ludwig Braunsfels. Neue revidierte Jubiläumsausgabe aEs una reproducción de la traducción de Ludwig Braunfels, la más completa de las traducciones alemanas, publicada con motivo de la celebración del tercer cementerio de la publicación de la primera parte del Quijote. Hermosa edición, espléndidamente impresa en papel de Holanda. Tela; con adornos dorados en lomeras y cubiertas Lúdovik Osterc aQM535A aTexto en : alemán14aNovela españolayÉpoca clásica, 1500-170014aLiteratura españolayÉpoca clásica, 1500-170014aNovela españolaySiglo XVII14aDon Quijote (Personaje ficticio)eNovela0 aEl Ingenioso Hidalgo Don Quijote de la Mancha